|
|
|
|
| LEADER |
01276cam a2200265 i 4500 |
| 003 |
GR-PaULI |
| 005 |
20210117210425.0 |
| 008 |
871215s1988 enka b 001 0 eng |
| 952 |
|
|
|0 0
|1 0
|2 ddc
|4 0
|6 153_120000000000000_MEM
|7 0
|9 214141
|a PTDE
|b PTDE
|c BSC
|d 2017-07-19
|i 11634α
|l 0
|o 153.12 MEM
|p 025000211450
|r 2017-07-19 00:00:00
|t 1
|v 2017.00
|w 2017-07-19
|y BK15
|
| 952 |
|
|
|0 0
|1 0
|2 ddc
|4 0
|6 153_120000000000000_ΜΕΜ
|7 0
|9 226119
|a PTDE
|b PTDE
|c BSC
|d 2018-09-28
|i 11634β
|l 0
|o 153.12 ΜΕΜ
|p 025000211741
|r 2018-09-28 00:00:00
|t 2
|v 2018.00
|w 2018-09-28
|y BK15
|
| 999 |
|
|
|c 129851
|d 129851
|
| 020 |
|
|
|a 0471919012
|c
|
| 040 |
|
|
|a DLC
|c DLC
|d
|b gre
|e AACR2
|
| 041 |
0 |
|
|a eng
|
| 082 |
0 |
0 |
|a 153.12
|2 23
|
| 245 |
0 |
0 |
|a Memory in context :
|b context in memory /
|c edited by Graham M. Davies and Donald M. Thomson.
|
| 260 |
|
|
|a Chichester [England] ;
|a New York :
|b J. Wiley,
|c c1988.
|
| 300 |
|
|
|a ix, 359 σ. :
|b εικ. ;
|c 24 εκ.
|
| 504 |
|
|
|a Περιλαμβάνει βιβλιογραφία και ευρετήριο.
|
| 650 |
|
0 |
|a Μνήμη
|9 35694
|
| 650 |
|
0 |
|a Περιβαλλοντική ψυχολογία
|9 11637
|
| 700 |
1 |
|
|a Davies, Graham,
|d 1943-
|9 162954
|e επιμελητής.
|
| 700 |
1 |
|
|a Thomson, Donald M.
|9 162955
|e επιμελητής.
|
| 942 |
|
|
|2 ddc
|c BK15
|
| 998 |
|
|
|c ΤΣΕΝΕ
|d 2017-06
|